Normal view MARC view

Entry Topical Term

Number of records used in: 1

001 - CONTROL NUMBER

  • control field: 2937

003 - CONTROL NUMBER IDENTIFIER

  • control field: OSt

005 - DATE AND TIME OF LATEST TRANSACTION

  • control field: 20190302144156.0

008 - FIXED-LENGTH DATA ELEMENTS

  • fixed length control field: 190302|| aca||aabn | a|a d

040 ## - CATALOGING SOURCE

  • Original cataloging agency: OSt
  • Transcribing agency: OSt

150 ## - HEADING--TOPICAL TERM

  • Topical term or geographic name entry element: Neighbourhood externalities

670 ## - SOURCE DATA FOUND

  • Source citation: Work cat.: (OSt): Combes, Pierre-Philippe et al 2936, Neighbor discrimination theory and evidence from the French rental market, 2018

Powered by Koha